Informační a poradenská podpora exportu co je posláním české agentury CzechTrade

Vznik a poslanie českej agentúry na podporu obchodu CzechTrade. Granty Phare na podporu exportérov. Okruhy činnosti a niektoré produkty a služby agentúry CzechTrade. Rozsiahle informačné zázemie agentúry.

Saved in:
Bibliographic Details
Main Author: Lérová, Athina
Format: Book Chapter
Language:Czech
Subjects:
Tags: Add Tag
No Tags, Be the first to tag this record!

MARC

LEADER 00000naa a2200000 4500
001 r035132
005 20230522104110.6
041 0 |a cze 
044 |a CZ 
245 1 0 |a Informační a poradenská podpora exportu  |b co je posláním české agentury CzechTrade  |c Athina Lérová 
520 |a Vznik a poslanie českej agentúry na podporu obchodu CzechTrade. Granty Phare na podporu exportérov. Okruhy činnosti a niektoré produkty a služby agentúry CzechTrade. Rozsiahle informačné zázemie agentúry. 
610 2 0 |a podpora vývozu 
610 2 0 |a CzechTrade 
610 2 0 |a vývoz 
610 2 0 |a informácie 
610 2 0 |a služby poradenské 
610 2 0 |a agentúry 
610 2 0 |a granty 
610 2 0 |a Phare 
610 2 0 |a Česko 
100 1 |a Lérová, Athina